Les étoiles du chemin des étoiles de Cannes en 2024 (2) - Statistiques

Statistiques générales
  • Ce quiz a été pris 10 fois
  • Le résultat moyen est 15 sur 41
Statistiques - réponses
Pays Catégorie Activité Prénom et Nom % Correct
Etats-Unis Cinéma Acteur Leonardo {Dicaprio}
88%
Etats-Unis Cinéma Actrice Meryl {Streep}
88%
Etats-Unis Cinéma Réalisateur & Acteur Morgan {Freeman}
88%
Etats-Unis Cinéma Réalisateur & Acteur Mel {Gibson}
75%
Etats-Unis Cinéma Actrice Sharon {Stone}
75%
Etats-Unis Cinéma Réalisateur & Acteur Sylvester {Stallone}
75%
Etats-Unis Cinéma Réalisateur Tim {Burton}
75%
France Cinéma Actrice Catherine {Deneuve}
63%
Etats-Unis Cinéma Réalisateur & Acteur Martin {Scorcese}
63%
Etats-Unis Cinéma Réalisateur & Acteur Nicolas {Cage}
63%
Etats-Unis Cinéma Réalisateur & Acteur Quentin {Tarantino}
63%
Etats-Unis Cinéma Réalisatrice Sofia {Coppola}
63%
Etats-Unis Cinéma Réalisateur & Acteur Spike {Lee}
63%
France Cinéma Actrice Charlotte {Gainsbourg}
50%
France Cinéma Réalisateur Claude {Lelouch}
50%
Etats-Unis Cinéma Actrice Meg {Ryan}
50%
Etats-Unis Cinéma Réalisateur Sidney {Lumet}
50%
Etats-Unis Cinéma Acteur Val {Kilmer}
50%
Etats-Unis Cinéma Actrice Woopy {Goldberg}
50%
France Cinéma Acteur Bernard {Blier}
38%
France Cinéma Réalisateur Bertrand {Blier}
38%
France Cinéma Acteur Alain {Delon}
25%
France Cinéma Réalisateur & Acteur Claude {Berri}
25%
Etats-Unis Cinéma Actrice Laura {Dern}
25%
Etats-Unis Cinéma Actrice Liza {Minelli}
25%
Etats-Unis Cinéma Réalisateur & Acteur Sidney {Pollack}
25%
Etats-Unis Cinéma Acteur Michaël {Douglas}
13%
Etats-Unis Cinéma Acteur Richard {Gere}
13%
Etats-Unis Cinéma Actrice Sarah Michelle {Gellar}
13%
Etats-Unis Musique Compositeur Stewart {Copeland}
13%
Etats-Unis Cinéma Réalisateur & Acteur Tim {Robbins}
13%
France Cinéma Réalisateur Claude {Chabrol}
0%
France Cinéma Réalisateur Claude {Sautet}
0%
Etats-Unis Cinéma Actrice Mélanie [Griffith}
0%
Etats-Unis Cinéma Réalisateur Michael {Moore}
0%
Etats-Unis Cinéma Personnage de fiction {Mickey}
0%
Etats-Unis Cinéma Personnage de fiction {Panthère rose}
0%
Etats-Unis Cinéma Réalisateur Paul {Schrader}
0%
Etats-Unis Cinéma Actrice Rachel {Brosnahan}
0%
Etats-Unis Cinéma Actrice Rachel {Brosnahan}
0%
Etats-Unis Cinéma Réalisateur Tom {Rothman}
0%
Aucun quiz correspondant
Distribution des résultats
% des personnes avec chaque résultat
Percentile par nombre de réponses
Votre historique - résultats
Vous n’avez pas pris ce quiz